Predstavujeme Korešpondenčnú školu Poradcu podnikateľa
Súbor príkladov umožňujúci precvičiť si princíp triedenia a zostavovania niektorých vnútorných finančných informácií podniku a príklad, ktorý pre riešenie využíva vzťahy pre tzv. reprodukčný efekt. Správne riešenia príkladov.
Enregistré dans:
| Auteur principal: | |
|---|---|
| Format: | Chapitre de livre |
| Langue: | slovaque |
| Sujets: | |
| Tags: |
Pas de tags, Soyez le premier à ajouter un tag!
|
MARC
| LEADER | 00000naa a2200000 4500 | ||
|---|---|---|---|
| 001 | r028227 | ||
| 005 | 20230809081518.9 | ||
| 041 | 0 | |a slo | |
| 044 | |a SK | ||
| 245 | 1 | 0 | |a Predstavujeme Korešpondenčnú školu Poradcu podnikateľa |c Š. Cisko |
| 520 | |a Súbor príkladov umožňujúci precvičiť si princíp triedenia a zostavovania niektorých vnútorných finančných informácií podniku a príklad, ktorý pre riešenie využíva vzťahy pre tzv. reprodukčný efekt. Správne riešenia príkladov. | ||
| 610 | 2 | 0 | |a manažment finančný |
| 610 | 2 | 0 | |a riadenie vnútropodnikové |
| 610 | 2 | 0 | |a súvaha |
| 610 | 2 | 0 | |a informácie |
| 610 | 2 | 0 | |a podnik |
| 100 | 1 | |a Cisko, Štefan | |